R-Truth's WrestleMania Opponents - Statistics

General Stats
  • This quiz has been taken 11 times
  • The average score is 19 of 24
Answer Stats
WrestleMania Opponent % Correct
WrestleMania XL Damian Priest
100%
WrestleMania XL Finn Bálor
100%
WrestleMania XL Kofi Kingston
100%
WrestleMania XXVI The Miz
100%
WrestleMania XXVIII The Miz
100%
WrestleMania XL Xavier Woods
100%
WrestleMania XL Austin Theory
90%
WrestleMania XL Grayson Waller
90%
WrestleMania 31 Daniel Bryan
80%
WrestleMania XXVIII Dolph Ziggler
80%
WrestleMania 31 Dolph Ziggler
80%
WrestleMania XL Johnny Gargano
80%
WrestleMania 31 Stardust
80%
WrestleMania XL Tommaso Ciampa
80%
WrestleMania XXVI Big Show
70%
WrestleMania 31 Dean Ambrose
70%
WrestleMania XXVIII Drew McIntyre
70%
WrestleMania 31 Luke Harper
70%
WrestleMania XXVIII Mark Henry
70%
WrestleMania XL Pete Dunne
70%
WrestleMania XL Tyler Bate
70%
WrestleMania 31 Bad News Barrett
60%
WrestleMania XXVIII Jack Swagger
60%
WrestleMania XXVIII David Otunga
50%
No matching quizzes found
Score Distribution
Percent of People with Each Score
Percentile by Number Answered
Your Score History
You have not taken this quiz